00414 2200169 4500001002100000008004100021035002000062245003100082100001800113260002400131300002000155020002200175084001400197082000800211650001000219990001500229INLIS000000000003244 ind  a0010-1225000065 aSang AlkemiscPaulo Coelho aCoelho, Paulo aJakarta :bGramedia a224c13,5x20 cm a978-602-06-5606-9 a813 COE s a813 aFiksi a19719/B/26